Normal view
MARC view
- Turner Tina
Entry Personal Name
001 - CONTROL NUMBER
- control field: 30028
003 - CONTROL NUMBER IDENTIFIER
- control field: IT-RoPau
005 - DATE AND TIME OF LATEST TRANSACTION
- control field: 20140616223356.0
008 - FIXED-LENGTH DATA ELEMENTS
- fixed length control field: 140616|| aca||aabn | a|a d
040 ## - CATALOGING SOURCE
- Original cataloging agency: IT-RoPau
- Transcribing agency: IT-RoPau
100 ## - HEADING--PERSONAL NAME
- Personal name: Turner Tina
- Dates associated with a name: Codice autore musica SPICS: 13173
- Relator term: Autore musica
- Name of part/section of a work: The Best
670 ## - SOURCE DATA FOUND
- Source citation: Work cat.: (IT-RoPau)99326: AA.VV. 794, Gloryland Worldcup Usa 94